Theologia scholastica-dogmatica ex Ss. Patribus, maxime ex D. Augustine, et angelico doctore depromta, et acommodata ad utilitatem juventutis, in octo tomos distributa. (Record no. 8749)

MARC details
000 -CABECERA
campo de control de longitud fija 00811nam a2200229 a 4500
001 - NÚMERO DE CONTROL
campo de control BRCA_9100
005 - FECHA Y HORA DE LA ÚLTIMA TRANSACCIÓN
campo de control 20190320210525.0
008 - DATOS DE LONGITUD FIJA--INFORMACIÓN GENERAL
campo de control de longitud fija 051017s1782----it-#######---#000-0#lat-#
041 ## - CÓDIGO DE LENGUA
Código de lengua del texto/banda sonora o título independiente lat
044 ## - CÓDIGO DEL PAÍS DE LA ENTIDAD EDITORA/PRODUCTORA
Código MARC del país it
084 ## - OTRO NÚMERO DE CLASIFICACIÓN
Número de clasificación BE69
Número de documento/Ítem .T54 1782
245 10 - MENCIÓN DE TÍTULO
Título Theologia scholastica-dogmatica ex Ss. Patribus, maxime ex D. Augustine, et angelico doctore depromta, et acommodata ad utilitatem juventutis, in octo tomos distributa.
250 ## - MENCIÓN DE EDICIÓN
Mención de edición 2ª ed.
260 ## - PUBLICACIÓN, DISTRIBUCIÓN, ETC.
Lugar de publicación, distribución, etc. Romae
Nombre del editor, distribuidor, etc. Ex Typographia Hermatheniana
Fecha de publicación, distribución, etc. 1782
300 ## - DESCRIPCIÓN FÍSICA
Extensión 331 p. (t.6)
Dimensiones 18.5 x 12.5 cm
500 ## - NOTA GENERAL
Nota general Superiorum Facultate
500 ## - NOTA GENERAL
Nota general Estado físico: presenta encuadernación en pergamino
500 ## - NOTA GENERAL
Nota general En portada: De deo auctore gratia, et virtutum largitore.
650 14 - PUNTO DE ACCESO ADICIONAL DE MATERIA--TÉRMINO DE MATERIA
Término de materia o nombre geográfico como elemento de entrada Teología
Subdivisión cronológica Siglo XVIII
9 (RLIN) 22234
902 ## - CATALOGADOR
Iniciales CFM
942 ## - ELEMENTOS DE PUNTO DE ACCESO ADICIONAL (KOHA)
Fuente del sistema de clasificación o colocación Library of Congress Classification
Tipo de ítem Koha Libros
Holdings
Estado de retiro Estado de pérdida Estado dañado No para préstamo Localización permanente Ubicación/localización actual Fecha de adquisición Total de préstamos Signatura topográfica completa Código de barras Fecha visto por última vez Precio válido a partir de Tipo de ítem Koha
El ejemplar forma parte de la colección y puede ser consultado según las políticas vigentes.       Biblioteca del Museo Franz Mayer (Rogerio Casas-Alatriste) Biblioteca del Museo Franz Mayer (Rogerio Casas-Alatriste) 05/10/2017   BE69 .T54 1782 CFM00450 22/03/2019 22/03/2019 Libros